00756nam a22001815i 4500001000700000003000900007005001700016008004100033040002000074100002400094245014600118260009500264300005200359490004400411651002600455830004400481852004900525160230ES-MaACL20230906211955.0040923s1897 fr a |||| | fre d aCAM bspa cCAM1 aMorgan, Jacques de.10aEthnographie préhistorique et tombeau royal de Négadah / cpar J. de Morgan; avec la collaboration de Wiedemann, G. Jéquier et Fouquet. aParis : bErnest Leroux éditeur, c1897 (eAngers : fImprimerie Orientale de A. Burdin) aIX, 393 p., [5] h. de lám. : bil. ; c28 cm.1 aRecherches sur les origines de l'Egypte 4aEgipto-yPrehistoria.0 aRecherches sur les origines de l'Egypte aES-MaACLjF-12914 z-- Enc. pasta española